000 00772nam a2200301Ia 4500
001 7980
005 20240113234044.0
007 ta
008 050714s1987 a g b000 u eng u
020 _cHB
040 _aCotton College,Assam
041 _aeng
082 _a820
_bAy 9 In
100 _aIyengar, K.R. Srinivasa.
245 0 _aIndian Writing in English /
_cK.R. Srinivasa Iyengar.
_hTextual Documents
250 _a6th ed. /
260 _aNew Delhi :
_bSterling publishers ,
_c1987.
300 _axiii, 833p. :
_bill ;
_c22cm .
504 _aIndex
653 _aEnglish literature
653 _aPG-English
653 _aG- English
942 _2ddc
_cBK
999 _c7967
_d7967